Statistiques concernant haikyuu

Cliquez ici pour prendre le quiz!

Statistiques générales

  • Ce quiz a été pris 64 fois
  • Le résultat moyen est 43 sur 104

Statistiques - réponses

aideréponse% Correct
karasunoshôyô hinata
100%
karasunodaichi sawamura
98%
karasunokôshi sugawara
98%
karasunotobio kageyama
98%
karasunoyuu nishinoya
98%
karasunoasahi azumane
96%
karasunokei tsukishima
92%
nekomakenma kozume
92%
autresnatsu hinata
92%
karasunoryûnosuke tanaka
92%
karasunotadashi yamaguchi
92%
autressaeko tanaka
89%
nekomatetsuro kuroo
89%
aoba jôsaitooru oikawa
89%
fukurōdanikōtarō bokuto
87%
karasuno (coach)keishin ukai
85%
karasuno (manager)kiyoko shimizu
79%
autresakiteru tsukishima
75%
inarizakiatsumu miya
75%
inarizakiosamu miya
75%
aoba jôsaihajime iwaizumi
74%
fukurōdanikeiji akaashi
74%
nekomalev haiba
74%
shiratorizawasatori tendō
74%
karasuno (manager)hitoka yachi
72%
shiratorizawawakatoshi ushijima
72%
karasunochikara ennoshita
70%
karasuno (superviseur)ittetsu takeda
66%
nekomamorisuke yaku
60%
date kôgyôtakanobu aone
60%
inarizakirintarō suna
58%
nekoma (coach)yasufumi nekomata
58%
inarizakiaran ojiro
57%
nekomataketora yamamoto
55%
karasunohisashi kinoshita
53%
karasunokazuhito narita
51%
inarizakishinsuke kita
51%
autresakane yamamoto
49%
shiratorizawayu shibata
49%
aoba jôsaiyūtarō kindaichi
47%
shiratorizawaeita semi
45%
aoba jôsaikentarō kyōtani
45%
fukurōdaniakinori konoha
43%
aoba jôsaiakira kunimi
43%
itachiyamakiyoomi sakusa
42%
shiratorizawakenjirō shirabu
40%
shiratorizawatsutomu goshiki
38%
date kôgyôkenji futakuchi
34%
aoba jôsaiissei matsukawa
32%
nekomayuki shibayama
32%
shiratorizawakai akakura
30%
nekomanobuyuki kai
30%
nekomasou inuoka
30%
aoba jôsaitakahiro hanamaki
30%
johzenjiyūji terushima
30%
aoba jôsaishigeru yahaba
28%
autresalisa haiba
26%
shiratorizawataichi kawanishi
26%
itachiyamamotoya komori
25%
inarizakiren ōmimi
25%
shiratorizawareon ōhira
25%
aoba jôsaishinji watari
25%
inarizaki (coach)tarō ōmi
25%
karasuno (filles)yui michimiya
23%
fukurōdaniharuki kômi
21%
fukurōdaniwataru onaga
21%
date kôgyôkōsuke sakunami
19%
shiratorizawahayato yamagata
17%
date kôgyôkaname moniwa
17%
inarizakimichinari akagi
17%
nekomashôhei fukunaga
17%
fukurōdanitatsuki washio
17%
fukurōdaniyamato sarukui
17%
fukurōdani (manager)yukie shirofuku
17%
inarizakihitoshi ginjima
15%
date kôgyôkanji koganegawa
15%
aoba jôsai (superviseur)nobuteru irihata
15%
inarizaki (coach)norimune kurosu
15%
nohebisuguru daishō
15%
kamomedaikōrai hoshiumi
13%
nekoma (coach)manabu naoi
13%
date kôgyôonagawa tarō
13%
date kôgyôtakehito sasaya
13%
wakunantakeru nakashima
13%
date kôgyôyasuki kamasaki
13%
tokonamihayato ikejiri
11%
inarizakiheisuke riseki
11%
date kôgyôjingo fukiage
11%
fukurōdani (manager)kaori suzumeda
11%
date kôgyôyutaka obara
11%
shiratorizawajin soekawa
9%
aoba jôsai (coach)sadayuki mizoguchi
9%
inarizakiyūto kosaku
9%
shiratorizawa (coach)akira saitō
8%
asso du quartiermakoto shimada
8%
date kôgyô (coach)takurō oikawe
8%
shiratorizawa (coach)tanji washijō
8%
date kôgyô (manager)mai nametsu
6%
fukurōdani (coach)takeyuki yamjiri
6%
asso du quartieryūsuke takinoue
6%
niiyamakanoka amanai
4%
kamomedaisachirō hirugami
4%
shiratorizawayūshō sagae
4%
shiratorizawayunohama
2%

Distribution des résultats

Percentile par nombre de réponses

% des personnes avec chaque résultat

Votre développement - résultats

Vous n’avez pas pris ce quiz